Statistiques concernant Livres Harry Potter

Cliquez ici pour prendre le quiz!

Statistiques générales

  • Ce quiz a été pris 164 fois
  • Le résultat moyen est 6 sur 7

Statistiques - réponses

HintRéponse% Correct
Tome 1A l'école des sorciers
100%
Tome 2La chambre des secrets
96%
Tome 7Les reliques de la mort
96%
Tome 4La coupe de feu
90%
Tome 3Le prisonnier d'Azkaban
88%
Tome 6Le prince de Sang-Mêlé
87%
Tome 5L'Ordre du phénix
77%

Distribution des résultats

Percentile par nombre de réponses

% des personnes avec chaque résultat

Votre développement - résultats

Vous n’avez pas pris ce quiz